| 000 | 00630nam a2200217 a 4500 | ||
|---|---|---|---|
| 001 | 3201 | ||
| 003 | CDMR | ||
| 005 | 20131015135608.0 | ||
| 008 | 130130s1988||||||||||||||||||||||||||||d | ||
| 020 | _a8476580738 | ||
| 040 |
_aCDMR _bcat _cCDMR |
||
| 100 | 1 |
_aValls, Josep Francesc _9258 |
|
| 245 | 1 | 0 |
_aPrensa y burguesía en el XIX español _cJosep-Francesc Valls |
| 260 |
_aBarcelona _c1988 _bAnthropos |
||
| 300 | _a275 p. | ||
| 490 | 0 |
_aHistoria, Ideas y Textos _v15 |
|
| 650 | 0 | 4 |
_93729 _aPremsa _xHistòria _zEspanya |
| 650 | 0 | 4 |
_93088 _aPeriodisme i literatura |
| 650 | 0 | 4 |
_92799 _aPeriodisme _xAspectes socials |
| 942 |
_cMON _2udc |
||
| 999 |
_c3201 _d3201 |
||